000 00695nam a2200193 4500
005 20230911104249.0
010 _aENG-137741-50
020 _a9789395548649
_c200.00
035 _aEN-121273-82
037 _bDBAD/PUB
082 _a000
_2May 2023
245 _aNext IAS Current Affairs:
_bNuclear Energy Boon And Bane/
_cChief Edited By B.Singh And Edited By Aniruddh Pratap Singh
260 _aNew Delhi
_bMade Easy Publications
_cMay 2023
270 _a44-A/4, Kalu Sarai
_bNew Delhi
_e110016
_mInfomep@madeeasy.in
_k45124660, 8860378007
300 _a108p
_c27cm(pbk)
700 _aSingh,B.
_956110
700 _aSingh,Aniruddh Pratap
_956111
942 _2ddc
_cEN
_mNEX
_h000
999 _c196896
_d196896